[Event "49th CHN-ch 2018"]
[Site "Xinghua"]
[Date "2018.04.18"]
[Round "1"]
[White "Lu, Shanglei"]
[Black "Zhou, Jianchao"]
[Result "1/2-1/2"]
[WhiteElo "2640"]
[BlackElo "2616"]
[Annotator "TA"]
[PlyCount "140"]
[EventDate "2018.??.??"]
[EventCountry "CHN"]
[SourceTitle "playchess.com"]
[Source "ChessBase"]
[SourceQuality "1"]

{[%evp 17,140,25,26,7,21,10,24,21,27,26,38,19,18,13,17,17,16,12,20,15,20,11,20,6,36,36,36,36,36,26,37,38,38,29,30,35,30,30,31,37,38,50,30,37,34,45,54,60,60,46,74,51,55,17,72,71,73,72,65,72,78,62,92,82,97,90,106,33,33,33,340,340,322,317,294,271,259,88,88,88,113,113,113,16,99,80,80,80,80,80,81,81,81,80,85,80,80,24,80,80,80,0,0,0,0,0,6,0,0,0,0,0,0,0,0,0,0,0,0,0,0,0,0,0,0]} 1. e4 c5 2. Nf3 e6 3. d4 cxd4 4. Nxd4 Nc6 5. Nc3 Qc7 6. Be3 a6 7. Qd2 Nf6 8. f3 Be7 {B48: Sicilian: Taimanov: 5 Nc3 Qc7 6 Be3 a6 without Be2} 9. g4 (9. O-O-O b5 10. g4 Nxd4 11. Bxd4 Bb7 12. g5 Nh5 13. Ne2 Rc8 14. c3 O-O 15. Bh3 f5 16. gxf6 Nxf6 17. Bxf6 Rxf6 18. Qxd7 Rxf3 19. Qxe6+ {1-0 (30) Fedoseev,V (2724)-Quesada Perez,Y (2627) chess.com INT 2018}) 9... b5 {LiveBook: 13 Games} 10. Nxc6 dxc6 11. h4 $146 ({Predecessor:} 11. Bg2 O-O 12. O-O-O e5 13. Qf2 Be6 14. Bb6 Qb7 15. Kb1 Nd7 16. Be3 a5 {0-1 (35) Vujnovic,P (2091)-Purgar,I (2170) Zagreb 2016}) 11... Qg3+ (11... Bb7 {seems wilder.} 12. Qf2 O-O 13. g5 Nd7 14. O-O-O Rad8) 12. Qf2 Qxf2+ 13. Kxf2 Bb7 14. g5 Nd7 $1 15. Bh3 Bc5 16. Ne2 Bxe3+ 17. Kxe3 Ke7 18. b3 c5 19. h5 g6 20. Nf4 Ne5 21. Nd3 Nxd3 22. cxd3 gxh5 23. Rac1 Rac8 24. Bf1 h6 25. Rxh5 hxg5 26. Rxh8 Rxh8 27. Rxc5 $14 {[%mdl 4096] Endgame Strongly threatening Rc7+. KRB-KRB} Rc8 $1 {[%cal Rc8c5]} 28. Rxg5 Rc1 29. Be2 Rc2 30. a4 Bc6 31. Bd1 Ra2 {[%cal Rb5a4]} 32. axb5 Bxb5 33. Rc5 Kd6 34. Rc8 Ra1 35. Bc2 Bc6 (35... Re1+ $11 36. Kf2 Rc1) 36. d4 $16 a5 37. Rf8 Ke7 38. Rb8 Ra2 39. Kd2 f5 40. Kc3 fxe4 41. fxe4 a4 42. b4 ({White should try} 42. Rb6 $16 Bd7 43. b4) 42... Ra3+ $14 43. Kc4 {Hoping for b5.} Re3 $2 {[%mdl 8192] [#]} (43... Ra1 $1 $14) 44. d5 $1 $18 {[%cal Rd5c6]} exd5+ 45. exd5 Bd7 46. Ra8 a3 47. b5 $2 (47. Bd3 $18) 47... Kd6 $16 48. b6 {Threatening mate with b7.} Re8 49. b7 ({Don't play} 49. Rxa3 Rc8+ 50. Kb3 Kxd5 $11) 49... Kc7 50. Ra7 (50. Kc5 $16 {And now Ra7 would win.} Kxb7 51. Rxa3) 50... Rb8 (50... Re3 $1 $11) 51. Kc5 {White threatens d6+ and mate.} Rxb7 52. Rxa3 Rb5+ {[#]} 53. Kd4 $1 Rb2 54. Be4 Re2 55. Ke5 Be8 56. Rg3 Kb6 57. Rg8 (57. Rc3 $16) 57... Ba4 (57... Bh5 $11 {keeps the balance.}) 58. Kd4 Rd2+ 59. Kc3 (59. Ke3 $16 Rh2 60. Rc8) 59... Rd1 $11 {The position is equal.} 60. Bf3 Rf1 $1 61. Be2 Re1 62. Bc4 Kc5 63. Rc8+ Kd6 64. Kd4 Rd1+ 65. Kc3 Bb5 66. Rb8 Rc1+ 67. Kd2 Rxc4 68. Rxb5 Rd4+ 69. Ke3 Rxd5 70. Rxd5+ Kxd5 {Precision: White = 52%, Black = 56%.} 1/2-1/2

[Event "49th CHN-ch 2018"]
[Site "Xinghua"]
[Date "2018.04.18"]
[Round "1"]
[White "Bai, Jinshi"]
[Black "Liu, Guanchu"]
[Result "1-0"]
[WhiteElo "2586"]
[BlackElo "2459"]
[Annotator "TA"]
[PlyCount "67"]
[EventDate "2018.??.??"]
[EventCountry "CHN"]
[SourceTitle "playchess.com"]
[Source "ChessBase"]
[SourceQuality "1"]

{[%evp 22,67,26,18,27,26,26,26,26,26,32,26,33,33,33,35,31,31,29,29,29,30,30,31,48,18,20,32,26,29,22,32,31,12,15,0,218,225,223,225,224,245,416,415,408,376,385,386]} 1. Nf3 Nf6 2. c4 e6 3. b3 b6 4. g3 Bb7 5. Bg2 c5 6. O-O Be7 7. Bb2 O-O 8. d4 cxd4 9. Qxd4 Nc6 10. Qf4 d5 11. Rd1 {A30: Symmetrical English: Double Fianchetto and Hedgehog} Qb8 12. Ne5 {LiveBook: 4 Games} Bd6 {[%cal Rc6e5]} 13. Nxc6 {White has an edge.} Bxc6 14. Qe3 (14. Qh4 Be7 15. Nc3 Qb7 16. cxd5 Nxd5 17. Qc4 b5 18. Qd3 Rfd8 19. Nxd5 Bxd5 20. Bxd5 Rxd5 {½-½ (33) Melkumyan,H (2640)-Inarkiev,E (2730) Izmir 2016}) 14... Bc5 15. Qf3 $146 ({Predecessor:} 15. Bd4 Bxd4 16. Qxd4 Rd8 17. Nc3 Bb7 18. Qe3 Re8 19. cxd5 exd5 {1-0 (35) Gunnarsson,A (2437)-Solomon,K (2358) Mallorca 2004}) 15... Ne4 16. e3 f5 17. Qe2 dxc4 18. Qxc4 Qe8 19. Nd2 {[%cal Rd2e4]} Bd5 20. Qe2 Qg6 21. Rac1 Rad8 22. Be5 Nf6 23. Bxf6 Qxf6 24. Bxd5 Rxd5 25. Nf3 Rfd8 26. Rxd5 Rxd5 27. Qa6 Qe7 28. a3 h6 $2 {[#]} (28... Bxa3 $11 {and Black has nothing to worry.} 29. Rc8+ Kf7) 29. b4 $18 Bd6 30. Rc8+ Kh7 31. Ra8 b5 $2 (31... Be5 32. Nxe5 (32. Qxa7 Qxa7 33. Rxa7 Bc3 $16) (32. Rxa7 Qd8 $18) 32... Rxe5 33. Rxa7 Qd8) 32. Rxa7 {White is winning.} Qf6 33. Qc6 f4 34. Qc2+ {Precision: White = 82%, Black = 64%.} 1-0

[Event "49th CHN-ch 2018"]
[Site "Xinghua"]
[Date "2018.04.18"]
[Round "1"]
[White "Xu, Xiangyu"]
[Black "Liu, Yan"]
[Result "0-1"]
[WhiteElo "2574"]
[BlackElo "2481"]
[Annotator "TA"]
[PlyCount "164"]
[EventDate "2018.??.??"]
[EventCountry "CHN"]
[SourceTitle "playchess.com"]
[Source "ChessBase"]
[SourceQuality "1"]

{[%evp 25,164,8,16,14,19,14,29,28,23,12,14,12,14,14,12,12,14,14,14,14,32,18,22,20,22,22,26,7,27,16,15,14,17,17,17,16,17,17,17,17,21,8,12,0,0,0,0,0,0,0,0,0,0,0,0,-7,0,0,0,0,0,-2,-2,-25,-3,-3,-3,-9,0,-128,-125,-265,-245,-385,-390,-384,-371,-887,-762,-1049,-968,-409,-795,-645,-630,-615,-569,-1040,-1116,-1008,-551,-504,-87,-87,-87,-87,-87,-443,-90,-123,-83,-83,-83,-216,-216,-216,-216,-216,-216,-216,-216,-391,-216,-216,-216,-29967,-29969,-29972,-29972,-29980,-29978,-29982,-29979,-29979,-29980,-29986,-29983,-29983,-29984,-29984,-29984,-29985,-29986,-29992,-29993,-29994,-29994,-29994,-29995,-29995,-29996]} 1. d4 Nf6 2. c4 e6 3. g3 Bb4+ 4. Nd2 c5 5. a3 Bxd2+ 6. Qxd2 cxd4 7. Nf3 b6 8. Bg2 Bb7 9. O-O Bxf3 10. exf3 {[%cal Be2f3,Bf3f4][%mdl 32] E00: Catalan Bogo-Indian (3 g3 Bb4+)} Nc6 11. b4 Rc8 12. f4 O-O 13. Bb2 d6 {LiveBook: 3 Games} 14. Bxd4 Nxd4 15. Qxd4 {[#]} e5 $146 ({Find the theoretical novelty and annotate with similar games:} 15... Qc7 16. Rfc1 Rfd8 17. Qe3 Qd7 18. Qd4 Qc7 19. Qe3 Qd7 20. Qd4 {½-½ (20) Volkov,S (2615)-Tomashevsky,E (2707) Taganrog 2011}) 16. fxe5 dxe5 17. Qxe5 {Black must now prevent Rfd1.} Rxc4 18. Rac1 Qd3 19. Rxc4 Qxc4 20. Re1 h6 21. Bf1 Qc8 22. Qf4 Qc3 23. Re3 Qc1 {Strongly threatening ...Nd5.} 24. Qf3 Rd8 25. Kg2 Qc7 26. Bd3 Qd7 27. Bc4 Rc8 28. Bb3 Kf8 29. Rd3 Qc6 30. Rd8+ Ke7 31. Rxc8 Qxc8 32. h3 Kf8 33. g4 Qe8 34. Bc2 Qd8 35. Bb3 g6 36. Qe3 Kg7 37. f3 Qd6 38. h4 Nd7 39. Kh3 Ne5 40. Bc2 Qf6 41. Be4 Nc4 42. Qd3 Nd6 43. Bd5 Qe5 44. Bb3 h5 45. Kg2 hxg4 46. fxg4 Ne4 47. Qe3 (47. Kf3 $11 Nd6 48. Kg2) 47... Qb2+ $1 $17 48. Kh3 (48. Kg1 $17 {only move.}) 48... Nd2 $1 $19 {[%cal Rd2f1]} 49. Bd5 (49. Bd1 {might work better.} Nf1 50. Qf4 Qxa3+ 51. Qf3) 49... Nf1 {[%csl Gf1][%cal Rb2h2]} 50. Qf4 Qxa3+ 51. Qf3 $2 (51. Kg2 Ne3+ 52. Kf2 Nxd5 53. Qd4+ Kg8 54. Qxd5) 51... Qxf3+ 52. Bxf3 {[%mdl 4096] Endgame KB-KN} a5 53. bxa5 bxa5 54. Kg2 Nd2 55. Bc6 Nc4 $1 {[%cal Rc4b6]} 56. h5 g5 57. Be8 Ne5 58. Kg3 {and the idea Ba4 leaves White hopeful.} Kf6 $2 (58... f6 $19 59. Bb5 Kg8) 59. Bb5 $17 Ke7 60. Ba4 Kf8 61. Bb5 $2 {[%mdl 8192]} (61. Bc2 $17) 61... Kg8 $2 (61... f6 $19 62. Ba4 Nd3) 62. Ba4 f6 {[%cal Bf7f6,Bf6f5,Bf5f4][%mdl 32]} 63. Bd1 Kg7 64. Kf2 {[#]} (64. Bb3 $17 {is a better defense.}) 64... a4 $1 $19 {[%cal Ra4a3][%mdl 512]} 65. Bxa4 Nxg4+ 66. Kf3 f5 $1 67. Bc2 Kf6 68. Ba4 $2 (68. Bb3) 68... Ke5 (68... Ne5+ $142 69. Ke3 Kf7 70. Bb3+ Kf6) 69. Bd7 {[#]} Nh6 $1 ({Much less strong is} 69... Nf6 70. h6 $15) 70. Kg3 $2 {[#]} (70. Bc6 $19) 70... Ke4 $1 {Black mates.} 71. Bc8 f4+ 72. Kh3 Kf3 73. Bd7 Kf2 74. Be6 f3 75. Bg4 Ke3 76. Bd7 Kf4 77. Kh2 g4 {[%cal Bg5g4,Bg4g3][%mdl 32]} 78. Be6 Nf5 79. Bd7 g3+ 80. Kh3 f2 {[%cal Rf2f1]} 81. Bb5 Ne3 82. Bf1 Nxf1 {Precision: White = 40%, Black = 67%.} 0-1

[Event "49th CHN-ch 2018"]
[Site "Xinghua"]
[Date "2018.04.18"]
[Round "1"]
[White "Xu, Yi"]
[Black "Zeng, Chongsheng"]
[Result "1-0"]
[WhiteElo "2522"]
[BlackElo "2542"]
[Annotator "TA"]
[PlyCount "126"]
[EventDate "2018.??.??"]
[EventCountry "CHN"]
[SourceTitle "playchess.com"]
[Source "ChessBase"]
[SourceQuality "1"]

{[%evp 12,126,0,0,41,43,34,19,35,35,34,20,29,22,63,47,41,17,30,38,52,58,91,82,86,70,206,197,175,84,108,119,156,139,150,162,239,252,272,260,262,252,332,328,330,330,323,313,309,270,315,327,241,235,235,228,228,228,245,228,228,228,228,228,228,202,218,181,197,181,184,177,195,191,245,235,266,195,214,195,418,418,414,413,418,393,393,409,385,390,460,454,387,186,399,404,392,355,354,381,374,346,474,490,571,571,1219,1222,1125,1098,1244,1172,29961,29963,4774,4134,29975]} 1. e4 c5 2. Nf3 Nc6 3. Bb5 e6 4. Bxc6 bxc6 5. d3 Ne7 6. h4 h5 {B30: Sicilian: 2...Nc6 3 Bb5, lines without ...g6} 7. e5 {LiveBook: 9 Games} Nf5 8. Nbd2 f6 {White is slightly better.} 9. Ne4 d6 10. exd6 Bxd6 11. Nxd6+ (11. b3 {with more complications.} e5 12. a4 Be7 13. Ba3 Be6 14. O-O) 11... Qxd6 12. b3 Qc7 $146 ({Predecessor:} 12... Qd5 13. Ba3 c4 14. O-O cxd3 15. Qxd3 Qxd3 16. cxd3 {0-1 (32) Xu,Y (2482)-Wang,H (2711) Caleta 2018}) 13. O-O e5 14. a4 Kf7 15. Ba3 Be6 16. Bxc5 Rad8 17. Qe2 Bd5 18. a5 g5 (18... Rh6 $14) 19. hxg5 $18 {c4 is the strong threat.} Rdg8 20. Be3 ({Not} 20. gxf6 $2 Rxg2+ 21. Kxg2 Nh4+ 22. Kh3 Nxf3 $19) (20. Ra4 $18 {is more deadly.}) 20... c5 21. Nd2 Nd4 22. Bxd4 $1 Rxg5 {[#]} 23. Ne4 $1 {[%cal Re4g5]} Rhg8 (23... Bxe4 $142 24. Qxe4 cxd4) 24. Nxg5+ Rxg5 25. f3 cxd4 26. Qf2 f5 27. Rae1 f4 28. Qh4 Kg6 29. Re2 Qxa5 30. Kf2 Qd8 31. Rg1 Qf6 32. Rh1 Qc6 {intending ...Rxg2+.} 33. Rh2 a5 34. Kf1 Qc7 35. Qe1 Kf6 36. Qa1 Qc5 37. Rf2 Bc6 38. Rh1 Kg6 39. Ke1 Qb4+ 40. Kd1 Kh6 41. Kc1 Bb5 42. Re2 Kg6 (42... Be8 {was worth a try.} 43. Kb2 Qc3+ 44. Ka2 Qc7) 43. Kb2 Be8 44. Qa3 {Strongly threatening Ra1.} Qc3+ 45. Kb1 {Hoping for Qd6+.} Qb4 $2 (45... Qc7 46. Qf8 Bf7) 46. Qxb4 axb4 {[%mdl 4096] Endgame KRR-KRB} 47. Kb2 Kf6 48. Ra1 h4 49. Ra6+ Kf5 50. Ra8 Bh5 51. Rf8+ Ke6 52. Rf2 (52. Rxf4 $142 Rxg2 53. Rxg2 exf4 54. Rh2 Bxf3 55. Rxh4) 52... h3 $2 (52... Rg3 {might work better.} 53. Rb8 h3 54. gxh3 Rxh3 55. Rxb4 Kf5) 53. gxh3 Rg3 54. h4 {[%cal Bh3h4,Bh4h5][%mdl 32]} Bxf3 55. Rh2 Ke7 56. Rc8 Bh5 57. Rh8 Bg4 58. h5 Kf7 59. h6 Rh3 60. Rg2 Rh4 61. Rb8 f3 {[#]} 62. Rxg4 $1 {[%mdl 512]} Rxh6 (62... Rxg4 63. h7) 63. Rgg8 Ke7 {Precision: White = 75%, Black = 35%.} 1-0

[Event "49th CHN-ch 2018"]
[Site "Xinghua"]
[Date "2018.04.18"]
[Round "1"]
[White "Xu, Jun"]
[Black "Fang, Yuxiang"]
[Result "1/2-1/2"]
[WhiteElo "2501"]
[BlackElo "2502"]
[Annotator "TA"]
[PlyCount "86"]
[EventDate "2018.??.??"]
[EventCountry "CHN"]
[SourceTitle "playchess.com"]
[Source "ChessBase"]
[SourceQuality "1"]

{[%evp 22,86,44,42,62,68,73,70,95,102,97,97,129,116,227,228,261,274,284,160,182,184,172,170,159,65,47,-24,-41,-29,-37,-42,-26,-45,-37,-50,-45,-107,-100,-129,-129,-358,-387,-388,-384,-374,-372,-379,-381,-362,-367,-514,-475,-451,0,0,0,0,0,0,0,0,0,0,0,0,0]} 1. c4 e6 2. g3 d5 3. Bg2 Nf6 4. Nf3 dxc4 5. Qa4+ c6 6. Qxc4 b5 7. Qc2 Bb7 8. Nc3 {A13: English Opening: 1...e6} Nbd7 9. O-O Be7 10. d4 O-O 11. Rd1 Rc8 (11... Qb6 12. Ne5 Rfd8 13. Be3 Nd5 14. Nxd5 cxd5 15. Rac1 Rac8 16. Qd3 b4 17. Rxc8 Bxc8 {½-½ (41) So,W (2799)-Mamedyarov,S (2809) Berlin 2018}) 12. Ne5 {LiveBook: 6 Games} Nd5 13. Nxd7 Qxd7 14. Ne4 Rfd8 15. Bd2 Nb4 16. Qb3 $146 ({Predecessor:} 16. Bxb4 Bxb4 17. Nc5 Qe7 18. a3 Ba5 19. b4 Bb6 {½-½ (27) Galunov,T (2286)-Vasilev,M (2451) Svilengrad 2006}) 16... a5 17. Nc5 Bxc5 (17... Qc7 $16) 18. dxc5 $18 Qxd2 19. Rxd2 Rxd2 20. Rc1 (20. a4 $1 $18) 20... Rcd8 21. a3 {[%cal Ba2a3,Ba3a4][%mdl 32]} Nd5 {[%cal Bb4d5,Bd5c7,Bc7a6][%mdl 32]} 22. a4 $1 {[%cal Ra4b5]} Ba6 23. Bf1 (23. Rd1 $1 $16 {[%cal Rd1d2]} Rxe2 24. Bf3 bxa4 25. Qxa4 Rxb2 26. Qxc6) 23... b4 $1 $14 24. e4 (24. e3 $14 Bxf1 25. Rxf1) 24... Nc7 $11 25. Bxa6 Nxa6 26. Qc4 Nc7 {[%mdl 1024] Black has compensation.} 27. Rb1 R8d4 28. Qc1 e5 29. Qf1 (29. h4 $15) 29... g6 $1 $17 30. f4 Ne6 $1 (30... Rxe4 31. Re1 $15) 31. f5 $2 {[#]} (31. fxe5 $17 {is a better defense.} Rxe4 32. Rd1 Rxd1 33. Qxd1) 31... Ng5 $1 $19 ({Inferior is} 31... Nxc5 32. fxg6 hxg6 33. Qf6 $11) 32. fxg6 hxg6 33. Qf6 Nh3+ 34. Kh1 {And now Rf1 would win.} Nf2+ 35. Kg1 {aiming for Rf1.} Rxe4 36. Qxc6 (36. Qxf2 $142 Rxf2 37. Kxf2) 36... Kg7 37. Kf1 {[#] Black should prevent Re1.} ({But not} 37. Rf1 $2 Ree2 $19) 37... f5 $2 (37... Rc4 $1 $19 {Threatens to win with ...Rcc2.} 38. b3 Rcc2) 38. Re1 {The position is equal.} Ng4 $1 {[%cal Rg4h2]} 39. Rxe4 Nxh2+ 40. Ke1 Nf3+ 41. Kf1 Nh2+ 42. Ke1 Nf3+ 43. Kf1 Nh2+ {Precision: White = 46%, Black = 56%.} 1/2-1/2

[Event "49th CHN-ch 2018"]
[Site "Xinghua"]
[Date "2018.04.18"]
[Round "1"]
[White "Wang, Chen"]
[Black "Wen, Yang"]
[Result "0-1"]
[WhiteElo "2495"]
[BlackElo "2585"]
[Annotator "TA"]
[PlyCount "52"]
[EventDate "2018.??.??"]
[EventCountry "CHN"]
[SourceTitle "playchess.com"]
[Source "ChessBase"]
[SourceQuality "1"]

{[%evp 20,52,-11,-8,26,17,22,26,26,18,17,18,51,51,68,62,72,18,91,0,24,0,0,-97,-60,-233,-230,-255,-248,-562,-404,-504,-507,-463,-331]} 1. e4 c5 2. Nc3 Nc6 3. g3 g6 4. Bg2 Bg7 5. Nge2 d6 6. O-O Nf6 7. d3 O-O 8. h3 Rb8 9. Be3 b5 {B26: Closed Sicilian: 3 g3, lines with early Be3} 10. a3 a5 11. Qd2 {LiveBook: 9 Games} Ba6 $146 {The position is equal.} ({Predecessor:} 11... b4 12. axb4 axb4 13. Nd1 Re8 14. Kh2 Bb7 15. f4 e6 16. Nf2 Nd7 17. c3 {1-0 (40) McShane,L (2640)-Andriasian,Z (2585) Katowice 2017}) 12. f4 b4 13. axb4 cxb4 14. Na4 {Hoping for e5.} Nd7 15. c4 e5 16. f5 Nd4 17. Nxd4 exd4 18. Bh6 (18. Bg5 $16 f6 19. Bf4) 18... Be5 (18... Bxh6 $11 19. Qxh6 Qe7) 19. g4 ({White should try} 19. Bxf8 $16 Qxf8 20. Qg5) 19... Bb7 20. g5 Bc6 21. Qf2 ({Resist} 21. Bxf8 $6 Nxf8 22. b3 Nd7 $16) (21. h4 $11 {remains equal.}) 21... Re8 22. b3 $2 {[#]} (22. h4 $15) 22... Bxa4 $1 $19 23. Rxa4 {[#]} Nc5 $1 {[%cal Bd7c5,Bc5b3,Bb3c5,Bc5e6][%mdl 32]} 24. f6 $2 (24. fxg6 {is a better chance.} fxg6 25. Ra2) 24... Nxb3 25. Bg7 Nc5 26. Raa1 Ne6 {Precision: White = 36%, Black = 65%.} 0-1

[Event "49th CHN-ch 2018"]
[Site "Xinghua"]
[Date "2018.04.19"]
[Round "2"]
[White "Lu, Shanglei"]
[Black "Xu, Yi"]
[Result "1-0"]
[WhiteElo "2640"]
[BlackElo "2522"]
[Annotator "TA"]
[PlyCount "61"]
[EventDate "2018.??.??"]
[EventCountry "CHN"]
[SourceTitle "playchess.com"]
[Source "ChessBase"]
[SourceQuality "1"]

{[%evp 18,61,0,-7,0,0,6,9,22,14,18,16,69,56,60,73,92,93,94,91,95,97,251,256,281,271,279,257,248,245,431,437,516,516,477,454,504,485,469,308,489,484,1308,1297,29984,29985]} 1. e4 c6 2. d3 d5 3. Nd2 e5 4. Ngf3 Bd6 5. b3 (5. d4 exd4 6. exd5 Nf6 7. Nc4 Bb4+ 8. Bd2 Bxd2+ 9. Qxd2 cxd5 10. Nce5 O-O 11. O-O-O Nc6 12. Nxc6 bxc6 13. Qxd4 Bg4 14. Bd3 {1-0 (38) Carlsen,M (2832)-So,W (2815) chess.com INT 2017}) 5... Nf6 6. Bb2 {B10: Caro-Kann: 2 d3 and 2 c4} Nbd7 7. g3 O-O 8. Bg2 Re8 9. O-O a5 10. a3 {LiveBook: 26 Games} b5 11. d4 {[%cal Bd3d4,Bd4d5][%mdl 32]} dxe4 $146 ({Predecessor:} 11... Bb7 12. exd5 cxd5 13. dxe5 Nxe5 14. Nxe5 Bxe5 15. Bxe5 Rxe5 16. Nf3 {1-0 (51) Nyvlt,Z (2406)-Rynkevich,S (2388) ICCF email 2009}) 12. Ng5 {[%cal Bf3g5,Bg5e4,Be4c3][%mdl 32]} Bc7 13. Ndxe4 Nxe4 14. Nxe4 f5 (14... exd4 $11 15. Bxd4 (15. Qxd4 $2 Be5 $19) 15... Ne5) 15. Nc3 $1 $14 e4 16. d5 Nf6 {[%cal Rf6d5]} 17. dxc6 Ba6 18. Qxd8 Raxd8 19. Rfd1 {Bf1 is the strong threat.} Be5 $2 (19... Re6 $16 {might work better.}) 20. Bf1 $18 Ra8 21. Ra2 Reb8 22. Nxb5 Bxb2 {[#]} 23. Nc7 $1 (23. Rxb2 $6 Rxb5 24. Bxb5 Bxb5 $16) 23... Bxf1 $2 (23... Be5 24. Nxa6 Rc8) 24. Nxa8 Rxa8 {[#]} ({Inferior is} 24... Be2 25. c7) 25. c7 $1 ({Worse is} 25. Rxf1 Bc3 $17) ({Not} 25. Rxb2 Be2 $16) 25... Re8 26. Rd8 Ba6 27. Rxb2 Kf7 28. b4 {[%cal Bb3b4,Bb4b5,Bb5a6][%mdl 32]} e3 (28... axb4 $142 29. Rxb4 e3) 29. fxe3 {Hoping for b5.} Rxe3 (29... axb4 $142 30. axb4 Bc8) 30. b5 Ng4 31. bxa6 {Precision: White = 87%, Black = 19%.} 1-0

[Event "49th CHN-ch 2018"]
[Site "Xinghua"]
[Date "2018.04.19"]
[Round "2"]
[White "Zhou, Jianchao"]
[Black "Wen, Yang"]
[Result "1/2-1/2"]
[WhiteElo "2616"]
[BlackElo "2585"]
[Annotator "TA"]
[PlyCount "72"]
[EventDate "2018.??.??"]
[EventCountry "CHN"]
[SourceTitle "playchess.com"]
[Source "ChessBase"]
[SourceQuality "1"]

{[%evp 18,72,26,27,30,22,29,26,31,23,28,30,47,2,35,19,41,33,40,48,50,35,33,0,20,17,0,0,23,19,29,8,9,4,3,3,5,-6,10,6,22,8,8,8,12,0,26,14,29,18,23,0,6,6,13,0,17]} 1. g3 Nf6 2. Bg2 d5 3. Nf3 g6 4. c4 c6 5. b3 Bg7 6. Bb2 Bg4 7. O-O O-O 8. d3 {[%cal Bd2d3,Bd3d4][%mdl 32]} Bxf3 9. Bxf3 e6 10. Qc2 {LiveBook: 10 Games. A11: English Opening: 1...c6} (10. Nd2 Ne8 11. d4 Nd6 12. e3 f5 13. a4 a5 14. Ba3 Na6 15. Be2 Re8 16. cxd5 exd5 17. Bxa6 Rxa6 {1-0 (42) Khismatullin,D (2628)-Rakhmanov,A (2654) Sochi 2017}) 10... a5 11. a3 Ne8 $146 ({Predecessor:} 11... Nbd7 12. Nd2 Ne8 13. Bxg7 Nxg7 14. Rfc1 Nf5 15. Qb2 Qf6 16. Qxf6 Nxf6 {1-0 (62) Dvirnyy,D (2549)-Lorenzo de la Riva,L (2449) Badalona 2013}) 12. d4 {White has an edge.} Nd6 13. Nd2 Nd7 14. e3 h5 15. b4 f5 16. bxa5 Rxa5 17. Bc3 Ra8 18. Bb4 Nf6 19. cxd5 cxd5 20. Qc5 Nfe8 21. Rfc1 Rf7 {[#] Strongly threatening ...Rc7.} 22. Qc2 h4 23. Be2 Bf6 24. Qd1 Rh7 25. Bd3 hxg3 26. hxg3 Nf7 27. Kg2 Be7 28. Qb3 Nf6 29. Rh1 (29. Nf3 {looks sharper.} Ne4 30. Bxe7 Qxe7 31. Qb4 Qd7 32. Rab1) 29... Rxh1 30. Rxh1 Kg7 31. Rb1 Ra7 32. a4 Bxb4 33. Qxb4 Qd6 34. Qb6 Rxa4 {[#] Hoping for ...Qxb6.The position is equal.} 35. Qxb7 {Threatens to win with Nf3.} Ra2 36. Rb2 Rxb2 {Precision: White = 61%, Black = 42%.} 1/2-1/2

[Event "49th CHN-ch 2018"]
[Site "Xinghua"]
[Date "2018.04.19"]
[Round "2"]
[White "Zeng, Chongsheng"]
[Black "Bai, Jinshi"]
[Result "0-1"]
[WhiteElo "2542"]
[BlackElo "2586"]
[Annotator "TA"]
[PlyCount "176"]
[EventDate "2018.??.??"]
[EventCountry "CHN"]
[SourceTitle "playchess.com"]
[Source "ChessBase"]
[SourceQuality "1"]

{[%evp 16,176,21,0,0,0,-2,-2,0,-37,-32,-13,-5,-5,-4,-5,-5,0,0,-14,-5,-7,-10,-22,4,0,0,0,7,0,0,0,0,-15,0,-12,-12,-12,-9,-12,-13,-42,-1,-6,-1,-2,0,-6,0,0,0,0,0,-42,0,-79,-80,-71,-39,-72,-75,-75,-63,-77,-50,-80,-72,-69,-70,-72,-52,-80,-72,-94,-94,-94,-94,-138,-138,-138,-138,-149,-124,-124,-124,-124,-124,-124,-124,-124,-124,-124,-124,-124,-124,-124,-124,-124,-124,-124,-124,-124,-124,-124,-124,-124,-124,-124,-124,-124,-124,-124,0,-124,-124,-124,-124,-124,-124,-124,-124,-124,0,-94,0,-94,-94,-94,-94,-94,-94,-94,-94,-94,-94,-94,-94,-94,-94,-94,-94,-128,-128,-128,-128,-128,-94,-128,0,-128,0,-135,-124,-127,-94,-94,-94,-94,0,-94,0,-94,0]} 1. d4 Nf6 {[%cal Bg8f6,Bf6d5,Bd5f4,Bf4e2][%mdl 32]} 2. Nf3 g6 3. Bg5 Bg7 4. Nbd2 O-O 5. e4 d5 6. exd5 Nxd5 7. c3 c5 {A48: 1 d4 Nf6 2 Nf3 g6: Torre, London and Colle Systems} 8. dxc5 h6 9. Bh4 $1 {LiveBook: 3 Games} Nf4 {The position is equal.} 10. Nb3 (10. Bg3 Qc7 11. Qa4 e5 12. Nb3 Nd7 13. Qa5 Qxa5 14. Nxa5 Nxc5 15. O-O-O {½-½ (102) Sambuev,B (2541)-Dominguez Perez,L (2739) chess.com INT 2017}) 10... Qc7 11. Bg3 Rd8 $146 ({Predecessor:} 11... e5 12. Qd6 Qc6 13. Qxc6 Nxc6 14. Bxf4 exf4 15. O-O-O {0-1 (56) Tischbierek,R (2380)-Volke,K Ilmenau 1981}) 12. Nfd4 Qe5+ 13. Qe2 $1 {[%cal Re2e5]} Qxd4 14. Nxd4 Nxe2 15. Bxe2 {Black must now prevent 0-0-0.} Bxd4 16. cxd4 Nc6 17. O-O Nxd4 18. Bd1 Be6 19. Re1 Nc6 20. a3 a5 21. Bf4 h5 22. h4 Rd4 23. Bg5 Rad8 24. Rc1 R8d7 25. g3 Ne5 {Black wants to play ...Nd3.} 26. Be2 Nd3 27. Bxd3 $1 Rxd3 28. b4 axb4 29. axb4 Rb3 30. Rb1 Rxb1 31. Rxb1 $11 {[%mdl 4096] Endgame KRB-KRB} Bf5 32. Rb2 Rd1+ 33. Kg2 f6 34. Bd2 Rb1 35. Ra2 (35. Rxb1 $11 {keeps the balance.} Bxb1 36. Kf3) 35... Be4+ $17 36. f3 Bd5 (36... Bc6 {is interesting.} 37. Ra3 Rb2 38. Rd3 Bb5 39. Rd4 Rb3) 37. Rc2 Kf7 38. Kf2 Rb3 39. Bc3 Bc6 40. Ke3 Ke6 41. Rc1 Kd5 42. Kd3 Ra3 43. Ra1 Bb5+ 44. Kc2 Rxa1 45. Bxa1 {KB-KB} Be2 46. Kd2 Bxf3 47. Ke3 Bg4 48. Bc3 Kc4 49. Be1 Bf5 50. Bd2 Bd7 51. Ke2 Bb5 52. Kf2 Bc6 53. Ke2 e5 54. Kf2 Kb3 55. Ke2 Bb5+ 56. Kf2 Bc4 57. Ke1 Ba6 58. Kf2 Bb5 59. Ke1 Kc4 60. Kf2 f5 61. Ke3 Bc6 62. Ke2 Bd5 63. Kf2 Bc6 64. Ke2 $1 Kb3 65. Kd1 Bb5 66. Ke1 Bc4 67. Kf2 Bd5 68. Ke2 Bc6 69. Kd1 $1 Kc4 70. Ke2 Kd4 71. Be3+ Ke4 72. Bg5 Bb5+ 73. Kf2 Kd3 74. Bf6 e4 75. Bg5 Kc3 76. Ke3 Bc6 77. Be7 Kxb4 78. Bf8 Kc4 79. Be7 Kd5 80. Bf8 Ke6 81. Kf4 Kd5 {...Kd4 is the strong threat.} 82. Ke3 $1 Kc4 83. Be7 $1 Kc3 84. Bd8 Kc2 85. Ba5 Kd1 86. Bc3 Kc2 87. Ba5 $1 Kd1 88. Bc3 $1 Kc2 {[%mdl 32768] Precision: White = 60%, Black = 64%. . Sensor Board Error (Ke4/e5)?} (88... Bd7 $17 89. Be5 Kc2) 0-1